The earliest filipino volume two (Record no. 3436)

MARC details
000 -LEADER
fixed length control field 00452nam a22001577a 4500
003 - CONTROL NUMBER IDENTIFIER
control field URS
005 - DATE AND TIME OF LATEST TRANSACTION
control field 20220114142511.0
008 - FIXED-LENGTH DATA ELEMENTS--GENERAL INFORMATION
fixed length control field 191121s1998 ph a|||| |||| 00| 0 eng d
040 ## - CATALOGING SOURCE
Transcribing agency URS
Language of cataloging eng
Modifying agency rda
050 14 - LIBRARY OF CONGRESS CALL NUMBER
Classification number DS 668
Item number .K1913 1998
100 ## - MAIN ENTRY--PERSONAL NAME
Personal name Casal,Gabriel S.
245 14 - TITLE STATEMENT
Title The earliest filipino volume two
Statement of responsibility, etc. Gabriel S. Casal
260 ## - PUBLICATION, DISTRIBUTION, ETC.
Name of publisher, distributor, etc. Asia Publishing Company Limited;
Date of publication, distribution, etc. [1998]
300 ## - PHYSICAL DESCRIPTION
Extent 303 pages
Other physical details with illustrations
Dimensions 26 cm
942 ## - ADDED ENTRY ELEMENTS (KOHA)
Source of classification or shelving scheme Library of Congress Classification
Koha item type Reference
Holdings
Withdrawn status Source of classification or shelving scheme Damaged status Not for loan Collection code Home library Current library Shelving location Date acquired Total Checkouts Full call number Barcode Date last seen Price effective from Koha item type
  Library of Congress Classification     Non-fiction Cainta College Library Cainta College Library On Display 01/24/2018   DS 668.K1913 1998 URSCAI-2197 01/24/2018 01/24/2018 Reference

University of Rizal System
Email us at univlibservices@urs.edu.ph

Visit our Website www.urs.edu.ph/library